Fifth Palenque Round Table, 1983 /

Uloženo v:
Podrobná bibliografie
Hlavní autor: Robertson, Merle Greene (edición general)
Korporativní autor: Quinta Mesa Redonda de Palenque
Další autoři: Fields, Virginia M. (edición) (edición)
Médium: Konferenční příspěvek Kniha
Jazyk:angličtina
Vydáno: San Francisco, EUA : Pre-Columbian Art Research Institute, 1985, c1985
Tagy: Přidat tag
Žádné tagy, Buďte první, kdo vytvoří štítek k tomuto záznamu!

MARC

LEADER 00000nam^a2200000^a^4500
001 000455005
005 20250526000000.0
009 20260310123943.161
037 |a Acervo ITESO - Biblioteca 
041 |a ING 
091 |a FHA. 00265 
100 |a Robertson, Merle Greene  |e (edición general) 
245 1 0 |a Fifth Palenque Round Table, 1983 / 
264 4 |a San Francisco, EUA :  |b Pre-Columbian Art Research Institute,  |c 1985, c1985 
300 |a XVII, 290 p. ;  |c 28.0 cm. 
336 |a texto  |b txt  |2 rdacontenido 
337 |a sin mediación  |b n  |2 rdamedio 
338 |a volumen  |b nc  |2 rdasoporte 
515 |a Inventario familia Hartung: 394 
649 |a XX 
700 |a Fields, Virginia M.  |e (edición) 
711 |a Quinta Mesa Redonda de Palenque (  |n 5° :  |d 1983 :  |c Palenque, México) 
910 |a Fondo Horst Hartung Franz 
920 |a Impresos - Libros 
930 |a Libros Antiguos y Raros 
905 |a 135 
901 |a 0500332678  |b IT2  |c LRA  |i D  |u 20250526 
902 |a https://opac.biblio.iteso.mx/vufind/Record/000455005